000 02435cam a2200313 4500500
005 20260405003947.0
041 _afre
042 _adc
100 1 0 _aCardin, Fanny
_eauthor
245 0 0 _aUsages de la photo, usages du cinéma dans Les Années et Mémoire de fille d’Annie Ernaux
260 _c2026.
500 _a71
520 _aRésuméCet article prolonge l’analyse des usages de la photographie chez Annie Ernaux en relisant Les Années (2008) et Mémoire de fille (2016) à partir de leurs usages du cinéma. Si les deux textes poursuivent la pratique de l’ekphrasis photographique propre à l’auteure, plusieurs procédés évoquant le cinéma (remontage des souvenirs visuels, tension entre fixité et mouvement des images, métaphores cinétiques) présentent le récit comme un flux d’images, une représentation caractéristique de l’imaginaire cinétique de la littérature contemporaine. Se dégage ainsi des textes une nouvelle posture de l’auteure : s’affranchissant progressivement du document, Ernaux se met en scène comme enregistreuse et monteuse de ses propres images textuelles.
520 _aThis paper extends the analysis of Annie Ernaux’s use of photography by re-reading Les Années (2008) and Mémoire de fille (2016) through their use of cinema. While both texts continue the author’s own practice of photographic ekphrasis, several literary devices are reminiscent of cinema (editing of visual memories, tension between fixity and movement of images, kinetic metaphors), presenting the narrative as a flow of images – a representation that is typical of the kinetic imaginary that is present in contemporary french literature. The texts thus reveal a new posture on the part of the author: gradually freeing herself from the document, Ernaux stages herself as a recorder and editor of her own textual images.
690 _aAnnie Ernaux
690 _aimages textuelles
690 _aLes Années
690 _alittérature et cinéma
690 _aMémoire de fille
690 _aphotographie
690 _aAnnie Ernaux
690 _acinema and literature
690 _aLes Années
690 _aMémoire de fille
690 _aphotography
690 _atextual images
786 0 _nRoman 20-50 | 79 | 1 | 2026-03-12 | p. 109-124 | 0295-5024
856 4 1 _uhttps://shs.cairn.info/revue-roman2050-2025-1-page-109?lang=fr&redirect-ssocas=7080
999 _c2072471
_d2072471